El Centro Algodonero Nacional
Colección:
San Jorge,
; núm. 10 (abril 1953), pàg 70
Materias:
Centro Algodonero Nacional (Espanya)
Idioma:
Español
MARC
| LEADER | 00000naa a2200000 a 4500 | ||
|---|---|---|---|
| 003 | Arxiu | ||
| 005 | 20260324181026.0 | ||
| 008 | 160829s1953 spc xx s spa c | ||
| 040 | |a agdb | ||
| 245 | 0 | 3 | |a El Centro Algodonero Nacional |
| 490 | |a San Jorge, |v núm. 10 (abril 1953), pàg 70 | ||
| 610 | 2 | 0 | |a Centro Algodonero Nacional (Espanya) |9 54769 |
| 773 | |g Núm. 10 (abril 1953), pàg 70 |t San Jorge. | ||
| 901 | |a Arxiu | ||
| 942 | |n 1 |2 udc |c ART | ||
| 952 | |0 0 |1 0 |4 0 |6 REV508 |7 1 |9 64375 |a Arxiu |b Arxiu |d 2022-11-25 |o Rev-508 |r 2022-11-25 00:00:00 |w 2022-11-25 |y ARXIU |z També disponible a Rev-522 | ||
| 999 | |c 44085 |d 44085 | ||